| Tag |
First Indicator |
Second Indicator |
Subfields |
| LEADER |
00000pam a2200000 a 4500 |
| 001 |
in00000081941 |
| 005 |
20151008055432.0 |
| 008 |
810206s1981 ctu b 00110 eng |
| 010 |
|
|
|a 81001093
|
| 020 |
|
|
|a 0313227527 (lib. bdg.)
|
| 035 |
|
|
|a (OCoLC)07283058
|
| 035 |
|
|
|9 AAJ3456AM
|
| 039 |
0 |
|
|a 2
|b 3
|c 3
|d 3
|e 3
|
| 040 |
|
|
|a DLC
|c DLC
|d TXA
|d UtOrBLW
|
| 043 |
|
|
|a n-us---
|
| 049 |
|
|
|a TXAM
|c [1387500]
|
| 050 |
0 |
0 |
|a BX8643.A35
|b B74
|
| 082 |
0 |
|
|a 261.8/34896073
|2 19
|
| 100 |
1 |
|
|a Bringhurst, Newell G.
|
| 245 |
1 |
0 |
|a Saints, slaves, and Blacks :
|b the changing place of Black people within Mormonism /
|c Newell G. Bringhurst.
|
| 264 |
|
1 |
|a Westport, Conn. :
|b Greenwood Press,
|c 1981.
|
| 300 |
|
|
|a xix, 254 pages ;
|c 22 cm.
|
| 336 |
|
|
|a text
|b txt
|2 rdacontent
|
| 337 |
|
|
|a unmediated
|b n
|2 rdamedia
|
| 338 |
|
|
|a volume
|b nc
|2 rdacarrier
|
| 490 |
1 |
|
|a Contributions to the study of religion,
|x 0196-7053 ;
|v no. 4
|
| 504 |
|
|
|a Includes bibliographical references and index.
|
| 650 |
2 |
0 |
|a Melchizedek Priesthood (Mormon Church)
|
| 650 |
|
0 |
|a Race relations
|x Religious aspects
|x Christianity
|x Mormon Church
|x History.
|
| 650 |
|
0 |
|a African American Mormons.
|
| 830 |
|
0 |
|a Contributions to the study of religion ;
|v no. 4.
|
| 999 |
|
|
|a MARS
|
| 999 |
f |
f |
|s 2acd3a52-2717-332b-bfe9-ab602472acf7
|i e002945a-a662-3e5e-a2af-fdab37061d8c
|t 0
|
| 952 |
f |
f |
|p normal
|a Texas A&M University
|b College Station
|c Sterling C. Evans Library
|d Evans: Library Stacks
|t 0
|e BX8643.A35 B74
|h Library of Congress classification
|i unmediated -- volume
|m A14806093202
|
| 998 |
f |
f |
|a BX8643.A35 B74
|t 0
|l Evans: Library Stacks
|